El Autobiografismo En La Narracion De Isabel Allende En Su Obra: (رقم التسجيلة. 177607)

تفاصيل مارك
000 -LEADER
fixed length control field 01517namaa22003251i 4500
005 - أخر تعامل مع التسجيلة
control field 20260405131050.0
008 - FIXED-LENGTH DATA ELEMENTS--GENERAL INFORMATION
fixed length control field 260112s1997 ua a|||frm||| 000 0 eng d
040 ## - CATALOGING SOURCE
Original cataloguing agency EG-GICUC
Language of cataloging eng
Transcribing agency EG-GICUC
Modifying agency EG-GICUC
Description conventions rda
041 0# - LANGUAGE CODE
Language code of text/sound track or separate title spa
Language code of summary or abstract spa
-- eng
049 ## - Acquisition Source
Acquisition Source Deposit
097 ## - Degree
Degree M.A
099 ## - LOCAL FREE-TEXT CALL NUMBER (OCLC)
Local Call Number Cai01.02.16.M.A.1997.Ab.A.
100 0# - MAIN ENTRY--PERSONAL NAME
Authority record control number or standard number Abir Mohmmad Abdel Hafez,
Preparation preparation.
245 10 - TITLE STATEMENT
Title El Autobiografismo En La Narracion De Isabel Allende En Su Obra:
Remainder of title La Casa De Los Espiritus /
Statement of responsibility, etc. By Abir Mohmmad Abdel Hafez; Supervision Prof. Dr. Mahmoud EL Sayed Ali, Prof. Dr. Mohammad Abol Ata Abdel Rauf.
246 15 - VARYING FORM OF TITLE
Title proper/short title ظاهرة السيرة الذاتية في السرد عند إيزابيل أليندي :
Remainder of title في روايه منزل الأرواح /
246 15 - VARYING FORM OF TITLE
Title proper/short title Autobiographical Elements in Isabel Allende's Narrative in Her Work :
Remainder of title The House of the Spirits /
264 #0 - PRODUCTION, PUBLICATION, DISTRIBUTION, MANUFACTURE, AND COPYRIGHT NOTICE
Date of production, publication, distribution, manufacture, or copyright notice 1997.
300 ## - PHYSICAL DESCRIPTION
Extent 213 pages :
Other physical details illustrations ;
Dimensions 25 cm. +
336 ## - CONTENT TYPE
Source rda content
Content type term text
337 ## - MEDIA TYPE
Source rdamedia
Media type term Unmediated
338 ## - CARRIER TYPE
Source rdacarrier
Carrier type term volume
502 ## - DISSERTATION NOTE
Dissertation note Thesis (M.A.)-Cairo University, 1997.
504 ## - BIBLIOGRAPHY, ETC. NOTE
Bibliography, etc. note Bibliography: pages 211-213.
653 #0 - INDEX TERM--UNCONTROLLED
Uncontrolled term Novels
700 0# - ADDED ENTRY--PERSONAL NAME
Personal name Mahmoud EL Sayed Ali
Relator term thesis advisor.
700 0# - ADDED ENTRY--PERSONAL NAME
Personal name Mohammad Abol Ata Abdel Rauf
Relator term Reviewer.
900 ## - Thesis Information
Department Department Of Hispanic Language and Literature / Spanish
Faculties Faculty of Arts
Universities Cairo University
Grant date 1997
Supervisory body Mahmoud EL Sayed Ali
-- Mohammad Abol Ata Abdel Rauf
905 ## - Cataloger and Reviser Names
Cataloger Name Eman El gebaly
Reviser Names Nourhan
942 ## - ADDED ENTRY ELEMENTS (KOHA)
Source of classification or shelving scheme Dewey Decimal Classification
Koha item type Thesis
Edition 21
Suppress in OPAC No
المقتنيات
Source of classification or shelving scheme Home library Current library Date acquired Inventory number Full call number Barcode Date last seen Effective from Koha item type
Dewey Decimal Classification المكتبة المركزبة الجديدة - جامعة القاهرة مكتبة المئوية 12.01.2026 30712 Cai01.02.16.M.A.1997.Ab.A. 01010110030712000 12.01.2026 12.01.2026 Thesis
Cairo University Libraries Portal Implemented & Customized by: Eng. M. Mohamady Contacts: new-lib@cl.cu.edu.eg | cnul@cl.cu.edu.eg
CUCL logo CNUL logo
© All rights reserved — Cairo University Libraries
CUCL logo
Implemented & Customized by: Eng. M. Mohamady Contact: new-lib@cl.cu.edu.eg © All rights reserved — New Central Library
CNUL logo
Implemented & Customized by: Eng. M. Mohamady Contact: cnul@cl.cu.edu.eg © All rights reserved — Cairo National University Library